00389nam a2200157Ia 4500001000500000005001700005008004100022041000800063082001500071100002500086245006700111260000900178300002800187650000800215654000800223860420260306160621.0260306t2016||||xx |||||||||||||| ||spa|| aESP a371.2bF94 aFullan, MichaeleAUT 0aLa dirección escolar:btres claves para maximizar su impacto c2016 a119 páginas :c24 cm. aGEN aCED